<?xml version="1.0" encoding="UTF-8"?><?xml-stylesheet type="text/xsl" href="static/style.xsl"?><OAI-PMH xmlns="http://www.openarchives.org/OAI/2.0/" xmlns:xsi="http://www.w3.org/2001/XMLSchema-instance" xsi:schemaLocation="http://www.openarchives.org/OAI/2.0/ http://www.openarchives.org/OAI/2.0/OAI-PMH.xsd"><responseDate>2026-06-01T16:40:24Z</responseDate><request verb="GetRecord" identifier="oai:riuma.uma.es:10630/33755" metadataPrefix="marc">https://riuma.uma.es/rest/oai/request</request><GetRecord><record><header><identifier>oai:riuma.uma.es:10630/33755</identifier><datestamp>2026-02-03T11:24:02Z</datestamp><setSpec>com_10630_2254</setSpec><setSpec>col_10630_37953</setSpec></header><metadata><record xmlns="http://www.loc.gov/MARC21/slim" xmlns:dcterms="http://purl.org/dc/terms/" xmlns:doc="http://www.lyncode.com/xoai" xmlns:xsi="http://www.w3.org/2001/XMLSchema-instance" xsi:schemaLocation="http://www.loc.gov/MARC21/slim http://www.loc.gov/standards/marcxml/schema/MARC21slim.xsd">
   <leader>00925njm 22002777a 4500</leader>
   <datafield ind2=" " ind1=" " tag="042">
      <subfield code="a">dc</subfield>
   </datafield>
   <datafield ind2=" " ind1=" " tag="720">
      <subfield code="a">Quispe Yapo, Wenceslao</subfield>
      <subfield code="e">author</subfield>
   </datafield>
   <datafield ind2=" " ind1=" " tag="720">
      <subfield code="a">Gallardo Romero, Jesús</subfield>
      <subfield code="e">author</subfield>
   </datafield>
   <datafield ind2=" " ind1=" " tag="720">
      <subfield code="a">González Marí, José Luis</subfield>
      <subfield code="e">author</subfield>
   </datafield>
   <datafield ind2=" " ind1=" " tag="260">
      <subfield code="c">2010</subfield>
   </datafield>
   <datafield ind2=" " ind1=" " tag="520">
      <subfield code="a">Para valorar la comprensión de la fracción en Perú desde una perspectiva curricular, realizamos un análisis de 20 libros de texto peruanos de matemáticas (1963-2005). El análisis se fundamenta en la dimensión fenómeno-epistemológica de un modelo operativo para la interpretación de la comprensión en matemáticas. Se pone la atención sobre los significados, las representaciones e ilustraciones, la fenomenología y la orientación metodológica. Atendiendo a estos elementos, identificamos 3 periodos con carencias en la comprensión pero con una cierta evolución positiva en el tratamiento didáctico de la fracción. Con el propósito de mejorar esta situación, presentamos algunas recomendaciones que pueden resultar eficaces en el desarrollo de la comprensión de la fracción.</subfield>
   </datafield>
   <datafield ind1="8" ind2=" " tag="024">
      <subfield code="a">Molina, M., Gómez, P., Cañadas, M. C., Gallardo, J., &amp; Lupianez, J. L. (2011). Calidad y visibilidad de las revistas científicas: el caso de PNA. Revista Española de Documentación Científica, 34(2), 266-275. https://doi.org/10.3989/redc.2011.2.802</subfield>
   </datafield>
   <datafield ind1="8" ind2=" " tag="024">
      <subfield code="a">https://hdl.handle.net/10630/33755</subfield>
   </datafield>
   <datafield ind1="8" ind2=" " tag="024">
      <subfield code="a">https://doi.org/10.30827/pna.v4i3.6166</subfield>
   </datafield>
   <datafield tag="653" ind2=" " ind1=" ">
      <subfield code="a">Matemáticas - Estudio y enseñanza</subfield>
   </datafield>
   <datafield ind2="0" ind1="0" tag="245">
      <subfield code="a">¿Qué comprensión de la fracción fomentan los libros de texto de matemáticas peruanos?</subfield>
   </datafield>
</record>
</metadata></record></GetRecord></OAI-PMH>